Березневе моє свято (Запис № 17519)

000 -Маркер запису
Контрольне поле сталої довжини 01999nam a22002537a 4500
003 - Належність контрольного номера
Контрольне поле Uzh_bibl
008 - Кодовані дані
Контрольне поле сталої довжини 260427b |||||||| |||| 00| 0 ukr d
020 ## - Індекс ISBN
Ціна 1.40
040 ## - Джерело каталогіз.
Служба первин.кат. укр.
041 ## - Код мови видання
Код мови оригіналу українська
Код мови тексту українська
080 ## - Індекс УДК
Індекс УДК 821(477)
090 ## - Шифри
Поличний індекс 821(477)
Авторський знак Н 50
100 ## - Автор
Автор Немирович, Іван
245 ## - Назва
Назва Березневе моє свято
Фізичний носій Текст
260 ## - Вихідні дані
Місце видання Київ
Видавництво Радянський письменник
Дата видання 1983
300 ## - Фізичний опис
Обсяг 251 с.
Тип одиниці В опр.
520 ## - Анотація
Анотація Збірка Івана Немировича “Березневе моє свято” об’єднує повісті та оповідання, у яких змальовано життя звичайних людей, їхні турботи, радощі та переживання. Автор зосереджується на темах дитинства, родинних цінностей, людяності та праці. Через прості, але емоційно насичені сюжети розкривається внутрішній світ героїв і атмосфера часу. Твори вирізняються щирістю, теплим ліризмом і увагою до деталей повсякденного життя.
521 ## - Примітка про цільове призначення
Примітка про цільове призначення Для широкого кола читачів
546 ## - Примітка про мову
Примітка про мову укр.
650 ## - Тематичні рубрики
Основна рубрика Літературно-художнє видання
Хронологічна підрубрика Друга половина ХХ століття (радянський період), із відображенням повсякденного життя людей того часу
Географічна підрубрика Події розгортаються в Україні, переважно в сільській місцевості та невеликих містах
653 ## - Ключові слова
Ключові слова Дитинство
-- Село
-- Родина
-- Спогади
-- Праця
655 ## - Термін індексування — жанр/форма
Жанр/форма Повісті, оповідання (епічна проза)
Типове ділення Повісті, оповідання
942 ## - ADDED ENTRY ELEMENTS (KOHA)
Джерело класифікації чи схема поличного розташування
Koha item type Книги
Фонди
Статус вилучення Статус втрати/відсутності Джерело класифікації чи схема поличного розташування Статус пошкодження Тип обігу (не для випозичання) Постійне розташування Поточне розташування Розташування у відділі Дата надходження Інвентарний номер Total Checkouts Повний (примірниковий) шифр зберігання Штрих-код Date last seen Дата, для якої чинна ціна заміни Тип одиниці (рівень примірника)
          Публічна бібліотека Публічна бібліотека Абонемент 27/04/2026 17001   821(477) 20312 27/04/2026 27/04/2026 Книги

Працює на АБІС Коха